000 01196nam a2200205Ia 4500
003 OSt
005 20241010135251.0
007 ca aa aaaaa
008 201103s9999 xx 000 0 und d
040 _cSSBUL
041 _abur
082 _223
_a၂၉၄.၃၄၃၅၀၉ ဇာ
_b၉၀၈၈ A-SAT
100 0 _aဇာဂရမထေရ်၊ အရှင်၊ အုဋ်ကျောင်းဆရာတော်
_917275
245 1 0 _aရွှေစည်းခုံ-စေတီတော်ကြီးအတွင်းအပြင်ဥပစာ ရှေးဟောင်းသုတေသနမှတ်သားဘွယ် သမိုင်းချုပ် /
_cအုဋ်ကျောင်းဆရာတော်- အရှင်ဇာဂရမထေရ်။
260 _aရန်ကုန် ၊
_bရွှေမြို့တော်စာပုံနှိပ်တိုက်၊
_c၁၉၆၀။
300 _a၂၀၈ စာမျက်နှာ ၊
_bပုံများ ၊
_c၁၈ စင်တီ။
500 _aS-SAT: Dr. Sai Aung Tun
650 _aရျွေစည်းခုံစေတီ
_vသမိုင်း
_955002
942 _2ddc
_cBK1
999 _c16640
_d16640